East London house prices up £192 a week since London 2012 Olympic Games awarded (Record no. 83305)

MARC details
000 -LEADER
fixed length control field 00924cad a22002055a 4500
001 - CONTROL NUMBER
control field E153504
008 - FIXED-LENGTH DATA ELEMENTS--GENERAL INFORMATION
fixed length control field 110802e20110725xxk 000 0 eng u
035 ## - SYSTEM CONTROL NUMBER
System control number (Sirsi) u153504
041 0# - LANGUAGE CODE
Language code of text/sound track or separate title eng
110 2# - MAIN ENTRY--CORPORATE NAME
Corporate name or jurisdiction name as entry element Lloyds TSB
9 (RLIN) 4126
245 00 - TITLE STATEMENT
Title East London house prices up £192 a week since London 2012 Olympic Games awarded
Medium [electronic resource]
260 ## - PUBLICATION, DISTRIBUTION, ETC.
Date of publication, distribution, etc. 2011
490 #0 - SERIES STATEMENT
Series statement Lloyds TSB Press Release
Volume/sequential designation 25 July 2011
520 ## - SUMMARY, ETC.
Summary, etc. Suggests that the average house price in the fourteen postal districts closest to the main Olympic site has increased by 28% in the period July 2005 to May 2011, from £208 148 to £266 730.
590 ## - LOCAL NOTE (RLIN)
Local note KA
651 #4 - SUBJECT ADDED ENTRY--GEOGRAPHIC NAME
Geographic name London
690 ## - LOCAL SUBJECT ADDED ENTRY--TOPICAL TERM (OCLC, RLIN)
Topical term or geographic name as entry element PROPERTY-RESIDENTIAL PROPERTY-RESIDENTIAL PROPERTY MARKET
856 40 - ELECTRONIC LOCATION AND ACCESS
Uniform Resource Identifier <a href="https://www.lloydsbankinggroup.com/media/pdfs/LTSB/2011/250711_East_London_house_prices.pdf">https://www.lloydsbankinggroup.com/media/pdfs/LTSB/2011/250711_East_London_house_prices.pdf</a>
Public note View the item free of charge at www.mediacentre.lloydstsb.com...
942 ## - ADDED ENTRY ELEMENTS (KOHA)
Suppress in OPAC 0
Holdings
Withdrawn status Lost status Source of classification or shelving scheme Damaged status Not for loan Home library Current library Shelving location Date acquired Total Checkouts Full call number Barcode Date last seen Copy number Price effective from Koha item type
    Dewey Decimal Classification     Virtual Virtual Online 02/08/2011   ONLINE PUBLICATION 153504-1001 06/08/2019 1 06/08/2019 Journal article